000 00410nam a2200169Ia 4500
001 29910
003 IN-NITTTR
005 20251114233406.0
008 251113s9999||||xx |||||||||||||| ||eng||
040 _beng
040 _cIN-NITTTR
041 _aeng
082 _a375 P93
100 _aDriscoll, Patricia
245 4 _aThe primary curriculum :
_b a creative approach /
_cDriscoll,Patricia
942 _2ddc
_cBK
999 _c32538
_d32538